000 00619cam a2200169 4500500
005 20260111080405.0
041 _afre
042 _adc
100 1 0 _aForey, Elsa
_eauthor
245 0 0 _aLes spécificités financières du cabinet du Président de la République
260 _c2020.
500 _a26
690 _acabinet du président de la République
690 _aprésidence de la République
786 0 _nGestion & Finances Publiques | 1 | 1 | 2020-03-11 | p. 30-35 | 1969-1009
856 4 1 _uhttps://droit.cairn.info/revue-gestion-et-finances-publiques-2020-1-page-30?lang=fr&redirect-ssocas=7080
999 _c1616239
_d1616239